00780nam a22002297a 450000500170000001000150001702000230003202000260005503500130008103700130009408200080010710000270011524501260014226000450026827000650031330000250037850000410040365000360044465000220048065000270050270000210052920150902112759.0 aENG-113435 a0199460930c275.00 a9780199460939c275.00 aEN-96967 bDBAD/PUB a160 aMatilal, Bimal Krishna aEpistemology, logic, and grammar in Indian philosophical analysis /cby Bimal Krishna Matilal ; edited by Jonardon Ganeri aNew DelhibOxford University Pressc2015 aYMCA Library building, 1 Jai Singh Road bNew Delhi e110001 axvi,139p.c22cm(pbk) aIncludes bibliographical references  aKnowledge, Theory of (Hinduism) aHindu philosophy. aSemantics (Philosophy) aGaneri, Jonardon